000 00251nam a2200097Ia 4500
001 1121138
005 20250827004638.0
008 250824s9999 xx 000 0 und d
245 0 _aGÜN OLUR ASRA BEDEL
_cCENGİZ AYTMATOZ
260 _bKETEBE YAYINEVİ
999 _c1121138
_d1121138